[Event "Oberliga Ost-B 1819"]
[Site "Germany"]
[Date "2019.02.02"]
[Round "6.8"]
[White "Heiling, Thomas"]
[Black "Drebes, Guenter"]
[Result "1-0"]
[WhiteElo "2226"]
[BlackElo "2018"]
[PlyCount "41"]
[EventDate "2018.10.21"]
[EventType "team-tourn"]
[EventRounds "11"]
[EventCountry "GER"]
[SourceTitle "EXT 2020"]
[Source "ChessBase"]
[SourceDate "2019.10.17"]
[SourceVersion "1"]
[SourceVersionDate "2019.10.17"]
[SourceQuality "1"]
[WhiteTeam "Marburg"]
[BlackTeam "Schoeneck"]
[WhiteTeamCountry "GER"]
[BlackTeamCountry "GER"]

1. d4 Nf6 2. c4 d6 3. Nc3 g6 4. e4 Bg7 5. Nf3 0-0 6. Be2 c6 7. 0-0 Nbd7 8. e5 Ne8 9. Bg5 f6 10. exf6 Nexf6 11. Qc2 e5 12. Rad1 Qc7 13. Rfe1 exd4 14. Nxd4 Ne5 15. h3 Qf7 16. Qb3 d5 17. cxd5 Nxd5 18. Ne4 h6 19. Bh4 Qf4 20. Bg3 Qxe4 21. Bc4 1-0

[Event "Oberliga Ost-B 1819"]
[Site "Germany"]
[Date "2018.12.16"]
[Round "5.7"]
[White "Heiling, Thomas"]
[Black "Goll, Christof"]
[Result "0-1"]
[WhiteElo "2226"]
[BlackElo "2057"]
[PlyCount "42"]
[EventDate "2018.10.21"]
[EventType "team-tourn"]
[EventRounds "11"]
[EventCountry "GER"]
[SourceTitle "EXT 2020"]
[Source "ChessBase"]
[SourceDate "2019.10.17"]
[SourceVersion "1"]
[SourceVersionDate "2019.10.17"]
[SourceQuality "1"]
[WhiteTeam "Marburg"]
[BlackTeam "Nied Koenig"]
[WhiteTeamCountry "GER"]
[BlackTeamCountry "GER"]

1. d4 d5 2. c4 e6 3. Nc3 Be7 4. Nf3 Nf6 5. Bf4 0-0 6. e3 b6 7. Qc2 Bb7 8. 0-0-0 Na6 9. g4 Nb4 10. Qb1 dxc4 11. e4 Nxg4 12. Rd2 f5 13. Rg1 Nd3+ 14. Bxd3 cxd3 15. Rxd3 fxe4 16. Rxg4 exd3 17. Qxd3 Bxf3 18. Qxf3 Bd6 19. Ne4 Bxf4+ 20. Rxf4 Rxf4 21. Qxf4 Qxd4 0-1

[Event "Oberliga Ost-B 1718"]
[Site "Germany"]
[Date "2018.02.03"]
[Round "6.8"]
[White "Weiss, Matthias"]
[Black "Heiling, Thomas"]
[Result "0-1"]
[WhiteElo "2063"]
[BlackElo "2217"]
[PlyCount "110"]
[EventDate "2017.10.22"]
[EventType "team-tourn"]
[EventRounds "11"]
[EventCountry "GER"]
[SourceTitle "EXT 2019"]
[Source "ChessBase"]
[SourceDate "2018.10.10"]
[SourceVersion "1"]
[SourceVersionDate "2018.10.10"]
[SourceQuality "1"]
[WhiteTeam "Schoeneck"]
[BlackTeam "Marburg"]
[WhiteTeamCountry "GER"]
[BlackTeamCountry "GER"]

1. e4 e6 2. d4 d5 3. Nd2 c5 4. exd5 Qxd5 5. Ngf3 cxd4 6. Bc4 Qd6 7. 0-0 Nc6 8. Nb3 Nf6 9. Nbxd4 Nxd4 10. Qxd4 Qxd4 11. Nxd4 a6 12. Be2 e5 13. Nb3 Be7 14. Re1 Bf5 15. Bd1 0-0-0 16. Bd2 e4 17. Ba5 Rd5 18. c4 Rxa5 19. Nxa5 Bb4 20. Nxb7 Kxb7 21. Rf1 Rd8 22. a3 Bd2 23. Be2 Ng4 24. h3 Ne5 25. Rfd1 Be6 26. b3 f5 27. Ra2 e3 28. fxe3 Bxe3+ 29. Kf1 Rxd1+ 30. Bxd1 f4 31. Bc2 h5 32. Be4+ Kb6 33. Ra1 Kc5 34. Rd1 Bd4 35. Bb7 a5 36. Ba6 Bb2 37. Rd8 Bxa3 38. Bc8 Bf7 39. Bf5 g5 40. Rc8+ Kd4 41. Rb8 Kc3 42. Rb5 Nxc4 43. Kg1 Be8 44. bxc4 Bxb5 45. cxb5 Bc5+ 46. Kf1 a4 47. Ke2 a3 48. Be6 g4 49. hxg4 hxg4 50. Bd5 Bb6 51. Be6 Kb2 52. Kd3 a2 53. Bxa2 Kxa2 54. Ke4 f3 55. gxf3 g3 0-1

[Event "Oberliga Ost-B 1718"]
[Site "Germany"]
[Date "2017.10.22"]
[Round "1.7"]
[White "Weber, Samuel"]
[Black "Heiling, Thomas"]
[Result "1-0"]
[WhiteElo "2240"]
[BlackElo "2217"]
[PlyCount "89"]
[EventDate "2017.10.22"]
[EventType "team-tourn"]
[EventRounds "11"]
[EventCountry "GER"]
[SourceTitle "EXT 2019"]
[Source "ChessBase"]
[SourceDate "2018.10.10"]
[SourceVersion "1"]
[SourceVersionDate "2018.10.10"]
[SourceQuality "1"]
[WhiteTeam "Oberursel"]
[BlackTeam "Marburg"]
[WhiteTeamCountry "GER"]
[BlackTeamCountry "GER"]

1. e4 e6 2. d3 d5 3. Nd2 c5 4. Ngf3 Nc6 5. g3 Bd6 6. Bg2 Nge7 7. 0-0 0-0 8. Nh4 f5 9. f4 b5 10. c4 bxc4 11. e5 cxd3 12. exd6 Qxd6 13. b3 c4 14. bxc4 dxc4 15. Kh1 c3 16. Nc4 Qb4 17. Ba3 Qxc4 18. Bxe7 Re8 19. Ba3 Ba6 20. Nf3 Rad8 21. Rc1 d2 22. Rc2 Bb5 23. Bb2 Rd3 24. Nxd2 Rxd2 25. Rxd2 cxd2 26. Qxd2 Rd8 27. Qf2 Qxa2 28. Rc1 Qa4 29. Qe1 Qb3 30. Ba1 Kf7 31. h4 Qd3 32. Kh2 Qd2 33. Qg1 Rd7 34. Bc3 Qe2 35. Qc5 Ne7 36. Re1 Qc4 37. Qe5 Rd3 38. Qxg7+ Ke8 39. Qh8+ Kd7 40. Ba5 Qc8 41. Qe5 Qa6 42. Qc7+ Ke8 43. Bb4 Rd7 44. Qe5 Ng6 45. Qxf5 1-0

[Event "Oberliga Ost-B 1516"]
[Site "Germany"]
[Date "2016.04.10"]
[Round "11.7"]
[White "Serbu, Eli"]
[Black "Heiling, Thomas"]
[Result "1/2-1/2"]
[WhiteElo "2121"]
[BlackElo "2255"]
[PlyCount "25"]
[EventDate "2015.09.20"]
[EventType "team-tourn"]
[EventRounds "11"]
[EventCountry "GER"]
[SourceTitle "EXT 2017"]
[Source "ChessBase"]
[SourceDate "2016.10.25"]
[SourceVersion "1"]
[SourceVersionDate "2016.10.25"]
[SourceQuality "1"]
[WhiteTeam "Wiesbaden"]
[BlackTeam "Marburg"]
[WhiteTeamCountry "GER"]
[BlackTeamCountry "GER"]

1. e4 c5 2. c3 e6 3. d4 d5 4. exd5 exd5 5. Nf3 Nc6 6. Be2 Bd6 7. 0-0 Nge7 8. dxc5 Bxc5 9. Nbd2 0-0 10. Nb3 Bb6 11. Nbd4 Bg4 12. h3 Bh5 13. Bf4 1/2-1/2

[Event "Hessenliga 1011"]
[Site "Germany"]
[Date "2011.01.23"]
[Round "5.8"]
[White "Heiling, Thomas"]
[Black "Warnecke, Tobias"]
[Result "0-1"]
[WhiteElo "2261"]
[BlackElo "2079"]
[PlyCount "46"]
[EventDate "2010.09.26"]
[EventType "team-tourn"]
[EventRounds "9"]
[EventCountry "GER"]
[SourceTitle "EXT 2012"]
[Source "ChessBase"]
[SourceDate "2011.11.24"]
[SourceVersion "1"]
[SourceVersionDate "2011.11.24"]
[SourceQuality "1"]
[WhiteTeam "Marburg"]
[BlackTeam "Kassel"]
[WhiteTeamCountry "GER"]
[BlackTeamCountry "GER"]

1. d4 Nf6 2. c4 c5 3. e3 g6 4. Nc3 Bg7 5. Rb1 0-0 6. dxc5 a5 7. a3 a4 8. Bd2 d6 9. Nxa4 dxc5 10. Nxc5 Qc7 11. Bb4 Bf5 12. Ra1 Nc6 13. Nf3 Qb6 14. Nd3 Rfd8 15. Bc3 e5 16. Nfxe5 Ne4 17. Nxc6 Nxc3 18. Ne7+ Kf8 19. Qc2 Kxe7 20. bxc3 Qd6 21. Qb2 Bxd3 22. Rd1 Rxa3 23. Rxd3 Bxc3+ 0-1

[Event "Hessenliga 0708"]
[Site "Germany"]
[Date "2007.12.16"]
[Round "4.3"]
[White "Ettel, Thomas"]
[Black "Heiling, Thomas"]
[Result "1-0"]
[WhiteElo "2182"]
[BlackElo "2251"]
[PlyCount "73"]
[EventDate "2007.09.30"]
[EventType "team-tourn"]
[EventRounds "9"]
[EventCountry "GER"]
[SourceTitle "EXT 2009"]
[Source "ChessBase"]
[SourceDate "2008.11.26"]
[SourceVersion "1"]
[SourceVersionDate "2008.11.26"]
[SourceQuality "1"]
[WhiteTeam "Bensheim"]
[BlackTeam "Marburg"]
[WhiteTeamCountry "GER"]
[BlackTeamCountry "GER"]

1. Nf3 Nf6 2. d4 g6 3. c4 Bg7 4. Nc3 d5 5. cxd5 Nxd5 6. e4 Nxc3 7. bxc3 c5 8. Bb5+ Bd7 9. Bxd7+ Qxd7 10. 0-0 0-0 11. Be3 cxd4 12. cxd4 Nc6 13. Qd2 b6 14. Rad1 Na5 15. Bh6 Qg4 16. Bxg7 Kxg7 17. d5 Rac8 18. h3 Qxe4 19. Rfe1 Qa4 20. Rxe7 Rc2 21. Qe3 Rxa2 22. Rc1 Rc2 23. Rxc2 Qxc2 24. Nd4 Qd1+ 25. Kh2 Kg8 26. Ne6 Qxd5 27. Nxf8 Kxf8 28. Rxa7 Nc4 29. Qh6+ Kg8 30. Qf4 Kg7 31. Rc7 b5 32. Rc8 Qe6 33. Qb8 Qf5 34. Rg8+ Kh6 35. Qg3 Qe5 36. f4 Qh5 37. Qc3 1-0

[Event "Hessenliga 0708"]
[Site "Germany"]
[Date "2007.10.28"]
[Round "2.3"]
[White "Stickler, Roberto"]
[Black "Heiling, Thomas"]
[Result "1/2-1/2"]
[WhiteElo "2190"]
[BlackElo "2251"]
[PlyCount "42"]
[EventDate "2007.09.30"]
[EventType "team-tourn"]
[EventRounds "9"]
[EventCountry "GER"]
[SourceTitle "EXT 2009"]
[Source "ChessBase"]
[SourceDate "2008.11.26"]
[SourceVersion "1"]
[SourceVersionDate "2008.11.26"]
[SourceQuality "1"]
[WhiteTeam "Dettingen"]
[BlackTeam "Marburg"]
[WhiteTeamCountry "GER"]
[BlackTeamCountry "GER"]

1. d4 e6 2. Nf3 f5 3. g3 Nf6 4. Bg2 d5 5. 0-0 Bd6 6. c4 c6 7. b3 Qe7 8. a4 0-0 9. Ba3 Bxa3 10. Rxa3 Bd7 11. Ra2 Be8 12. a5 a6 13. Qc2 Ne4 14. Ne5 Nd7 15. Nxd7 Qxd7 16. f3 Nd6 17. c5 Nb5 18. e3 g5 19. Nc3 Nc7 20. Qc1 Qg7 21. Rd2 e5 1/2-1/2

[Event "Hessenliga 0607"]
[Site "Germany"]
[Date "2006.10.08"]
[Round "2.2"]
[White "Heiling, Thomas"]
[Black "Schmitzer, Klaus"]
[Result "1/2-1/2"]
[WhiteElo "2231"]
[BlackElo "2336"]
[PlyCount "85"]
[EventDate "2006.09.17"]
[EventType "team-tourn"]
[EventRounds "9"]
[EventCountry "GER"]
[SourceTitle "EXT 2008"]
[Source "ChessBase"]
[SourceDate "2007.11.25"]
[SourceVersion "1"]
[SourceVersionDate "2007.11.25"]
[SourceQuality "1"]
[WhiteTeam "Marburg"]
[BlackTeam "Schoeneck II"]
[WhiteTeamCountry "GER"]
[BlackTeamCountry "GER"]

1. d4 e6 2. c4 b6 3. Nc3 Bb7 4. a3 g6 5. e4 Bg7 6. Be3 Ne7 7. Qd2 h6 8. Nf3 f5 9. Bd3 Nbc6 10. d5 Na5 11. Qc2 0-0 12. exf5 exd5 13. cxd5 gxf5 14. 0-0 Nxd5 15. Bxf5 Nxe3 16. fxe3 Qe7 17. Rae1 Nc4 18. Qb3 Rxf5 19. Qxc4+ d5 20. Qd3 Raf8 21. Nd4 Rxf1+ 22. Rxf1 Rxf1+ 23. Kxf1 Qf7+ 24. Qf5 c5 25. Qxf7+ Kxf7 26. Nf5 Bf8 27. Kf2 Kf6 28. g4 h5 29. h3 Ke5 30. Nh4 Kf6 31. gxh5 d4 32. exd4 cxd4 33. Nb5 a6 34. Nxd4 Bc5 35. Ke3 Kg5 36. Nhf5 Bc8 37. Ke4 Kxh5 38. Kd5 Kg5 39. h4+ Kg4 40. h5 Kxh5 41. b4 Bf8 42. Kc6 a5 43. Kxb6 1/2-1/2

[Event "Hessenliga 0506"]
[Site "Germany"]
[Date "2006.03.05"]
[Round "9.3"]
[White "Rosenberger, Berthold"]
[Black "Heiling, Thomas"]
[Result "1/2-1/2"]
[WhiteElo "2250"]
[BlackElo "2262"]
[PlyCount "54"]
[EventDate "2005.09.11"]
[EventType "team-tourn"]
[EventRounds "11"]
[EventCountry "GER"]
[SourceTitle "EXT 2007"]
[Source "ChessBase"]
[SourceDate "2006.11.23"]
[SourceVersion "1"]
[SourceVersionDate "2006.11.23"]
[SourceQuality "1"]
[WhiteTeam "Dettingen"]
[BlackTeam "Marburg"]
[WhiteTeamCountry "GER"]
[BlackTeamCountry "GER"]

1. d4 Nf6 2. Nf3 g6 3. c4 Bg7 4. Nc3 d5 5. e3 0-0 6. Be2 c5 7. 0-0 cxd4 8. exd4 dxc4 9. Bxc4 Bg4 10. h3 Bxf3 11. Qxf3 Qxd4 12. Qxb7 Nbd7 13. Be2 Rab8 14. Qa6 Qb6 15. Qa3 e5 16. Rb1 a5 17. Rd1 Rfc8 18. Be3 Qb4 19. Qxb4 axb4 20. Nd5 Nxd5 21. Rxd5 Nb6 22. Rb5 Na4 23. Rxb8 Rxb8 24. Bd1 Nb6 25. Bb3 Bf8 26. a4 bxa3 27. bxa3 Nc4 1/2-1/2

[Event "Hessenliga 0405"]
[Site "Germany"]
[Date "2004.10.17"]
[Round "2.1"]
[White "Meinzer, Dieter"]
[Black "Heiling, Thomas"]
[Result "1-0"]
[WhiteElo "2220"]
[BlackElo "2256"]
[PlyCount "79"]
[EventDate "2004.09.26"]
[EventType "team-tourn"]
[EventRounds "9"]
[EventCountry "GER"]
[SourceTitle "EXT 2006"]
[Source "ChessBase"]
[SourceDate "2005.11.24"]
[SourceVersion "1"]
[SourceVersionDate "2005.11.24"]
[SourceQuality "1"]
[WhiteTeam "Eppstein"]
[BlackTeam "Marburg"]
[WhiteTeamCountry "GER"]
[BlackTeamCountry "GER"]

1. d4 Nf6 2. c4 c5 3. d5 b5 4. cxb5 a6 5. b6 e6 6. Nc3 Nxd5 7. Nxd5 exd5 8. Qxd5 Nc6 9. Bd2 Be7 10. Bc3 0-0 11. e4 Rb8 12. Nf3 Rxb6 13. Bc4 d6 14. Qd3 Nb4 15. Qe2 Be6 16. 0-0 Bxc4 17. Qxc4 d5 18. exd5 Qxd5 19. Ne5 Rd8 20. a3 Nc6 21. Rad1 Nd4 22. Ba5 Qxc4 23. Nxc4 Ne2+ 24. Kh1 Rxd1 25. Rxd1 Re6 26. Ne3 Kf8 27. Bd8 Bd6 28. g3 Be5 29. Nc4 Bd4 30. Kg2 f5 31. Bb6 f4 32. Rd2 g5 33. b4 g4 34. gxf4 Nxf4+ 35. Kg3 Ne2+ 36. Kxg4 Rf6 37. Rxe2 Bxf2 38. Rxf2 Rxf2 39. Bxc5+ Kf7 40. Bxf2 1-0

[Event "Hessenliga 0304"]
[Site "Germany"]
[Date "2004.05.09"]
[Round "9.2"]
[White "Heiling, Thomas"]
[Black "Karabalis, Harilos"]
[Result "1/2-1/2"]
[WhiteElo "2234"]
[BlackElo "2249"]
[PlyCount "25"]
[EventDate "2003.10.??"]
[EventType "team-tourn"]
[EventRounds "9"]
[EventCountry "GER"]
[SourceTitle "EXT 2005"]
[Source "ChessBase"]
[SourceDate "2004.11.15"]
[SourceVersion "1"]
[SourceVersionDate "2004.11.15"]
[SourceQuality "1"]
[WhiteTeam "Marburg"]
[BlackTeam "Frankfurt BvK"]
[WhiteTeamCountry "GER"]
[BlackTeamCountry "GER"]

1. e4 c6 2. d4 d5 3. exd5 cxd5 4. c4 Nf6 5. Nc3 g6 6. cxd5 Bg7 7. Qb3 0-0 8. Be2 Nbd7 9. Bf3 Nb6 10. Nge2 Bg4 11. Bxg4 Nxg4 12. Bf4 Qd7 13. 0-0 1/2-1/2

[Event "Hessenliga 0304"]
[Site "Germany"]
[Date "2003.11.09"]
[Round "3.1"]
[White "Derichs, Roger"]
[Black "Heiling, Thomas"]
[Result "1/2-1/2"]
[WhiteElo "2326"]
[BlackElo "2234"]
[PlyCount "168"]
[EventDate "2003.10.??"]
[EventType "team-tourn"]
[EventRounds "9"]
[EventCountry "GER"]
[SourceTitle "EXT 2005"]
[Source "ChessBase"]
[SourceDate "2004.11.15"]
[SourceVersion "1"]
[SourceVersionDate "2004.11.15"]
[SourceQuality "1"]
[WhiteTeam "Giessen"]
[BlackTeam "Marburg"]
[WhiteTeamCountry "GER"]
[BlackTeamCountry "GER"]

1. d4 Nf6 2. c4 g6 3. Nc3 d5 4. Nf3 Bg7 5. Bg5 Ne4 6. cxd5 Nxg5 7. Nxg5 0-0 8. Nf3 c6 9. Qb3 cxd5 10. e3 Nc6 11. Be2 e5 12. dxe5 Nxe5 13. 0-0 Nxf3+ 14. Bxf3 d4 15. Rad1 Qh4 16. exd4 Bxd4 17. g3 Qf6 18. Nd5 Qg7 19. Rd2 Be6 20. Rfd1 Bc5 21. Qb5 Rfc8 22. Qxb7 Bxd5 23. Bxd5 Rab8 24. Qd7 Qf6 25. Bb3 Bb6 26. Qd6 Qxd6 27. Rxd6 Rd8 28. Rd7 Rxd7 29. Rxd7 Rf8 30. Kg2 Kg7 31. f4 Kf6 32. Kf3 Bc5 33. g4 h6 34. h4 Kg7 35. Bd5 Kf6 36. a3 a5 37. Rc7 Bd6 38. Ra7 g5 39. hxg5+ hxg5 40. fxg5+ Kxg5 41. Rxa5 Kf6 42. Ra7 Rb8 43. Rxf7+ Ke5 44. Rf5+ Kd4 45. b4 Rc8 46. Bf7 Rc3+ 47. Ke2 Be5 48. Rf3 Rc2+ 49. Kd1 Rg2 50. Be6 Ke4 51. Rf7 Ke3 52. Bf5 Rd2+ 53. Kc1 Bb2+ 54. Kb1 Bxa3 55. Re7+ Kf4 56. Bc2 Rd4 57. Rf7+ Kxg4 58. b5 Bc5 59. Ka2 Rd6 60. Kb3 Bb6 61. Be4 Kg5 62. Bc6 Rf6 63. Rb7 Bf2 64. Kb4 Kf5 65. Ka5 Ke5 66. Rd7 Rg6 67. Rd5+ Ke6 68. b6 Rg1 69. b7 Ra1+ 70. Kb5 Rb1+ 71. Kc4 Rb6 72. Bd7+ Ke7 73. Bc8 Bg3 74. Rd7+ Ke8 75. Rg7 Be5 76. Rg5 Bf4 77. Rf5 Bb8 78. Rh5 Rb2 79. Rh7 Rh2 80. Rg7 Rb2 81. Be6 Be5 82. Rg5 Bf4 83. Rg4 Ke7 84. Kd5 Rd2+ 1/2-1/2

[Event "Hessenliga 0203"]
[Site "Germany"]
[Date "2003.04.06"]
[Round "9.1"]
[White "Heiling, Thomas"]
[Black "Berndt, Matthias"]
[Result "0-1"]
[WhiteElo "2217"]
[BlackElo "2236"]
[PlyCount "66"]
[EventDate "2002.10.??"]
[EventType "team-tourn"]
[EventRounds "9"]
[EventCountry "GER"]
[SourceTitle "EXT 2004"]
[Source "ChessBase"]
[SourceDate "2003.11.25"]
[SourceVersion "1"]
[SourceVersionDate "2003.11.25"]
[SourceQuality "1"]
[WhiteTeam "Marburg"]
[BlackTeam "Fulda"]
[WhiteTeamCountry "GER"]
[BlackTeamCountry "GER"]

1. d4 d5 2. c4 dxc4 3. Nf3 Nf6 4. Nc3 e6 5. e4 c5 6. d5 exd5 7. e5 Nfd7 8. Nxd5 Nb6 9. Nxb6 Qxd1+ 10. Kxd1 axb6 11. Bxc4 Bg4 12. Be2 Nc6 13. Bf4 Be7 14. a3 0-0 15. Kc2 b5 16. Rhd1 g5 17. Be3 Bf5+ 18. Bd3 Bxd3+ 19. Kxd3 g4 20. Ng5 Nxe5+ 21. Kc2 Nc4 22. Bf4 Bf6 23. Rab1 Rae8 24. Re1 Bxb2 25. Ne4 Bd4 26. Bh6 Nxa3+ 27. Kd3 Nxb1 28. Bxf8 Rxe4 29. Rxe4 Kxf8 30. Rxg4 Bxf2 31. Rf4 Bd4 32. Rf1 Na3 33. Rc1 b4 0-1

[Event "Hessenliga 0203"]
[Site "Germany"]
[Date "2003.02.02"]
[Round "6.1"]
[White "Kersten, Uwe"]
[Black "Heiling, Thomas"]
[Result "0-1"]
[WhiteElo "2313"]
[BlackElo "2217"]
[PlyCount "66"]
[EventDate "2002.10.??"]
[EventType "team-tourn"]
[EventRounds "9"]
[EventCountry "GER"]
[SourceTitle "EXT 2004"]
[Source "ChessBase"]
[SourceDate "2003.11.25"]
[SourceVersion "1"]
[SourceVersionDate "2003.11.25"]
[SourceQuality "1"]
[WhiteTeam "Baunatal"]
[BlackTeam "Marburg"]
[WhiteTeamCountry "GER"]
[BlackTeamCountry "GER"]

1. e4 e6 2. d4 d5 3. Nd2 Nf6 4. e5 Nfd7 5. f4 c5 6. Ngf3 Nc6 7. Bd3 Be7 8. 0-0 cxd4 9. Nb3 Qb6 10. Kh1 Nc5 11. Nxc5 Bxc5 12. a3 a5 13. Qe2 Bd7 14. Bd2 a4 15. Ng5 g6 16. Rae1 Ne7 17. g4 h6 18. Nh3 0-0-0 19. b4 axb3 20. cxb3 Bxa3 21. b4 Bb2 22. b5 Bc3 23. Rc1 Qc5 24. Qe1 Bxb5 25. Bxc3 dxc3 26. Rxc3 Bc4 27. Qa1 Kb8 28. Rfc1 Rc8 29. Ra3 Nc6 30. Ng1 Qd4 31. Bxc4 dxc4 32. Ra8+ Kc7 33. Rxc4 Qd5+ 0-1

[Event "Hessenliga 0203"]
[Site "Germany"]
[Date "2002.09.22"]
[Round "1.1"]
[White "Kaulfuss, Helmut"]
[Black "Heiling, Thomas"]
[Result "1/2-1/2"]
[WhiteElo "2246"]
[BlackElo "2217"]
[PlyCount "150"]
[EventDate "2002.10.??"]
[EventType "team-tourn"]
[EventRounds "9"]
[EventCountry "GER"]
[SourceTitle "EXT 2004"]
[Source "ChessBase"]
[SourceDate "2003.11.25"]
[SourceVersion "1"]
[SourceVersionDate "2003.11.25"]
[SourceQuality "1"]
[WhiteTeam "Hofheim II"]
[BlackTeam "Marburg"]
[WhiteTeamCountry "GER"]
[BlackTeamCountry "GER"]

1. e4 e6 2. d3 d5 3. Nd2 c5 4. Ngf3 Nc6 5. g3 Bd6 6. Bg2 Nge7 7. 0-0 0-0 8. Re1 Qc7 9. c3 f6 10. Qe2 Bd7 11. b3 d4 12. c4 e5 13. h3 a5 14. a4 Rae8 15. Nf1 Qc8 16. Kh2 Ng6 17. Ng1 Re7 18. h4 Kf7 19. Bh3 Ke8 20. Kg2 Kd8 21. Nh2 Kc7 22. Bd2 b6 23. Qh5 Qe8 24. Qe2 Ref7 25. Bxd7 Qxd7 26. Nh3 h6 27. Qg4 Qxg4 28. Nxg4 f5 29. exf5 Rxf5 30. Nh2 Nd8 31. Re4 Kd7 32. Rae1 Nc6 33. f3 Nge7 34. Nf2 R5f7 35. Rg4 Nf5 36. h5 Nb4 37. Nf1 Ne7 38. Bxb4 axb4 39. Nh2 Rg8 40. Ne4 Rf5 41. Rh4 Rgf8 42. Nd2 Nc6 43. Ne4 Ne7 44. Rh3 Ng8 45. g4 R5f7 46. Nf1 Nf6 47. Neg3 Nh7 48. Nf5 Ng5 49. Rh1 Ne6 50. Rd1 Be7 51. N1g3 Bg5 52. Ne4 Rxf5 53. gxf5 Rxf5 54. Nxg5 Rxg5+ 55. Kf2 Nf4 56. Rdg1 Rxg1 57. Kxg1 Nxd3 58. Kf1 Nf4 59. Rg1 Nxh5 60. Rg6 Nf6 61. Rxg7+ Ke6 62. Ke2 h5 63. Kf2 e4 64. fxe4 Nxe4+ 65. Ke2 h4 66. Rg6+ Nf6 67. Rh6 Ke7 68. Kf3 Nd7 69. Kf4 Kd8 70. Rxh4 Kc7 71. Kf5 Nb8 72. Rh7+ Kc8 73. Ke6 Nc6 74. Kd6 Na5 75. Rc7+ Kb8 1/2-1/2

[Event "Hessenliga 0102"]
[Site "Germany"]
[Date "2002.04.21"]
[Round "9.1"]
[White "Kloninger, Paul"]
[Black "Heiling, Thomas"]
[Result "1/2-1/2"]
[WhiteElo "2218"]
[BlackElo "2227"]
[PlyCount "38"]
[EventDate "2001.10.??"]
[EventType "team-tourn"]
[EventRounds "9"]
[EventCountry "GER"]
[SourceTitle "EXT 2003"]
[Source "ChessBase"]
[SourceDate "2002.11.25"]
[SourceVersion "1"]
[SourceVersionDate "2002.11.25"]
[SourceQuality "1"]
[WhiteTeam "Fulda"]
[BlackTeam "Marburg"]
[WhiteTeamCountry "GER"]
[BlackTeamCountry "GER"]

1. d4 Nf6 2. Bg5 e6 3. Nf3 h6 4. Bxf6 Qxf6 5. e4 d6 6. Nbd2 Nd7 7. Bc4 a6 8. 0-0 g5 9. c3 Bg7 10. Qc2 e5 11. dxe5 dxe5 12. b4 h5 13. Bb3 g4 14. Ne1 Bh6 15. Nc4 Nf8 16. Ne3 Be6 17. Rd1 Nd7 18. Nd5 Bxd5 19. Bxd5 0-0-0 1/2-1/2

[Event "Hessenliga 0102"]
[Site "Germany"]
[Date "2002.01.27"]
[Round "5.1"]
[White "Heiling, Thomas"]
[Black "Grosser, Ulf"]
[Result "1-0"]
[WhiteElo "2227"]
[BlackElo "2117"]
[PlyCount "99"]
[EventDate "2001.10.??"]
[EventType "team-tourn"]
[EventRounds "9"]
[EventCountry "GER"]
[SourceTitle "EXT 2003"]
[Source "ChessBase"]
[SourceDate "2002.11.25"]
[SourceVersion "1"]
[SourceVersionDate "2002.11.25"]
[SourceQuality "1"]
[WhiteTeam "Marburg"]
[BlackTeam "Weiterstadt"]
[WhiteTeamCountry "GER"]
[BlackTeamCountry "GER"]

1. e4 g6 2. d4 Bg7 3. Nc3 d6 4. Be3 c6 5. Qd2 b5 6. a4 b4 7. Nd1 a5 8. c3 bxc3 9. bxc3 Nd7 10. Bc4 Nb6 11. Bd3 Ba6 12. Bxa6 Rxa6 13. Qd3 Ra8 14. Ne2 Nf6 15. 0-0 0-0 16. Ng3 Ng4 17. Bg5 f6 18. Bc1 e5 19. h3 Nh6 20. Ne3 Kh8 21. Nc4 Nxc4 22. Qxc4 Qc7 23. f4 exd4 24. cxd4 f5 25. e5 dxe5 26. fxe5 Nf7 27. Ba3 Rfc8 28. Rac1 Bh6 29. Rc3 Bd2 30. Rd3 Bh6 31. Nxf5 gxf5 32. Rxf5 Ra7 33. Qe6 Bg7 34. Rxf7 Qxf7 35. Qxc8+ Qg8 36. Qxc6 Ra8 37. Rc3 Rb8 38. Kh2 Qa2 39. Rg3 Rg8 40. Be7 Qf2 41. Bf6 Qxg3+ 42. Kxg3 Bxf6+ 43. Kf3 Bh4 44. g4 Rf8+ 45. Ke4 Bg5 46. Qd7 Ra8 47. Qf5 h6 48. e6 Re8 49. d5 Rb8 50. Qe5+ 1-0

[Event "Hessenliga 0001"]
[Site "Hessen"]
[Date "2000.09.24"]
[Round "1.1"]
[White "Kaulfuss, Helmut"]
[Black "Heiling, Thomas"]
[Result "1-0"]
[WhiteElo "2182"]
[BlackElo "2215"]
[PlyCount "79"]
[EventDate "2000.10.??"]
[EventType "team-tourn"]
[EventRounds "9"]
[EventCountry "GER"]
[SourceTitle "EXT 2002"]
[Source "ChessBase"]
[SourceDate "2001.11.25"]
[SourceVersion "1"]
[SourceVersionDate "2001.11.25"]
[SourceQuality "1"]

1. e4 c5 2. Nc3 Nc6 3. g3 g6 4. Bg2 Bg7 5. d3 d6 6. f4 e6 7. Nf3 Nge7 8. 0-0 0-0 9. Ne2 Rb8 10. c3 f5 11. Be3 b6 12. Qc2 Qd7 13. Rad1 Bb7 14. a3 Rbc8 15. Qb1 Na5 16. b4 cxb4 17. axb4 fxe4 18. dxe4 Nc4 19. Bf2 Ba6 20. Qa2 Na3 21. Ned4 Rxc3 22. b5 Bxb5 23. Nxb5 Nxb5 24. Ng5 Ra3 25. Qxe6+ Qxe6 26. Nxe6 Rc8 27. Nxg7 Kxg7 28. Rd2 Kf8 29. Re1 Rd8 30. Bf1 Nc7 31. Rc1 Ne6 32. Bh3 Kf7 33. Kg2 d5 34. Bxe6+ Kxe6 35. g4 Ra4 36. Re1 d4 37. Bh4 Rd7 38. f5+ Kf7 39. e5 Nd5 40. e6+ 1-0

[Event "Hessenliga 9900"]
[Site "Hessen"]
[Date "2000.04.30"]
[Round "10.4"]
[White "Heiling, Thomas"]
[Black "Rasch, Holger"]
[Result "1/2-1/2"]
[WhiteElo "2215"]
[BlackElo "2265"]
[PlyCount "100"]
[EventDate "1999.09.26"]
[EventType "team-tourn"]
[EventRounds "11"]
[EventCountry "GER"]
[SourceTitle "EXT 2002"]
[Source "ChessBase"]
[SourceDate "2001.11.25"]
[SourceVersion "1"]
[SourceVersionDate "2001.11.25"]
[SourceQuality "1"]

1. d4 d5 2. Nf3 c6 3. Bg5 h6 4. Bh4 Bf5 5. c3 Qb6 6. Qb3 Nd7 7. Nbd2 e6 8. e3 Ngf6 9. Be2 Bd6 10. 0-0 0-0 11. Rfc1 Rfe8 12. c4 Qxb3 13. Nxb3 Ne4 14. a3 a5 15. Bg3 Nxg3 16. hxg3 dxc4 17. Bxc4 e5 18. Nc5 Nxc5 19. dxc5 Bc7 20. Nh4 Be4 21. f3 Bh7 22. e4 g5 23. Nf5 Bxf5 24. exf5 e4 25. Rd1 Rad8 26. g4 Be5 27. Rab1 Bd4+ 28. Kf1 exf3 29. gxf3 Bxc5 30. a4 Bd4 31. b4 Re3 32. Be2 b6 33. bxa5 bxa5 34. Rb7 c5 35. Rd3 Rde8 36. Rxe3 Rxe3 37. Ra7 Ra3 38. Rxa5 Ra1+ 39. Kg2 Ra2 40. Kf1 Ra1+ 41. Kg2 Rg1+ 42. Kh2 Rc1 43. Bd3 c4 44. Be4 c3 45. Ra6 Kg7 46. Rc6 Ra1 47. Rc4 Ra2+ 48. Kh1 Be5 49. Kg1 Kf6 50. Kf1 Ke7 1/2-1/2